| Tag |
First Indicator |
Second Indicator |
Subfields |
| LEADER |
00000cam a2200000 a 4500 |
| 001 |
in00000028224 |
| 005 |
20151007060029.0 |
| 008 |
871214s1988 ilu b 00110 eng |
| 010 |
|
|
|a 87073190
|
| 020 |
|
|
|a 1556230710 :
|c $21.95
|
| 035 |
|
|
|a (OCoLC)17297910
|
| 035 |
|
|
|9 AAB9919AM
|
| 040 |
|
|
|a DLC
|c DLC
|d TXA
|d UtOrBLW
|
| 043 |
|
|
|a a-ja---
|
| 049 |
|
|
|a TXAM
|c [A11532986]
|
| 050 |
0 |
0 |
|a HG187.J3
|b V56 1988
|
| 082 |
0 |
|
|a 332.1/0952
|2 19
|
| 100 |
1 |
|
|a Viner, Aron.
|
| 245 |
1 |
4 |
|a The emerging power of Japanese money /
|c Aron Viner.
|
| 264 |
|
1 |
|a Homewood, Ill. :
|b Dow Jones-Irwin,
|c [1988]
|
| 264 |
|
4 |
|c ©1988
|
| 300 |
|
|
|a x, 254 pages ;
|c 24 cm.
|
| 336 |
|
|
|a text
|b txt
|2 rdacontent
|
| 337 |
|
|
|a unmediated
|b n
|2 rdamedia
|
| 338 |
|
|
|a volume
|b nc
|2 rdacarrier
|
| 504 |
|
|
|a Bibliography: pages 239-243.
|
| 500 |
|
|
|a Includes index.
|
| 650 |
|
0 |
|a Finance
|z Japan.
|
| 650 |
|
0 |
|a Investments, Japanese.
|
| 651 |
|
0 |
|a Japan
|x Commerce.
|
| 650 |
|
0 |
|a Money
|z Japan.
|
| 651 |
|
0 |
|a Japan
|x Economic conditions
|y 1945-
|
| 650 |
|
0 |
|a International finance.
|
| 999 |
|
|
|a MARS
|
| 999 |
f |
f |
|s 5d346079-bb90-3fee-8230-077ba16893fb
|i e039c499-1da0-3846-b6d7-21d3dea5eacf
|t 0
|
| 952 |
f |
f |
|p ric
|a Texas A&M University
|b Rellis Campus
|c Joint Library Facility
|d Remote Storage
|t 0
|e HG187.J3 V56 1988
|h Library of Congress classification
|i unmediated -- volume
|m A14811532986
|
| 998 |
f |
f |
|a HG187.J3 V56 1988
|t 0
|l Remote Storage
|